000 00665nam a2200277Ia 4500
008 190123s9999 xx 000 0 und d
020 _a9780516234953
050 _bT459 2002
100 _aThomas, Mark
245 0 _aWork in Colonial America /
245 0 _cby Mark Thomas.
260 _aNew York, New York :
260 _bScholastic,
260 _c2002
300 _a24 pages :
300 _bcolored illustrations ;
300 _c15cm.
440 _aWelcome books.
500 _a420L
650 _aManners and customs.
650 _aUnited States.
650 _aWork.
650 _aWorking class.
700 _aSeries.
700 _aTitle.
999 _c360994
_d360994